000 01166cam a2200373 i 4500
003 EG-GICUC
005 20260224082233.0
008 810422s1981 mnu frb 001 0 eng d
020 _z0314594932 :
_c$23.95
040 _aDLC
_cDLC
_dDLC
_dEG-GICUC
_beng
_erda
043 _an-us---
050 0 0 _aKF410
_b.C7 1981
082 0 0 _a341.84
_221
092 0 4 _221
099 _aLaw 12 1981
100 1 _aCramton, Roger C.
245 1 0 _aConflict of laws :
_bcases, comments, questions /
_cby Roger C. Cramton, David P. Currie, and Herma Hill Kay.
250 _a3rd edition.
264 _aSt. Paul, Minn. :
_bWest Pub. Co.,
_c1981.
300 _alix, 1026 page ;
_c26 cm.
_b,
336 _atext
_2rdacontent
337 _aComputer
_2rdamedia
338 _aOnline Resource
_2rdacarrier
440 0 _aAmerican casebook series
500 _aIncludes index.
504 _aBibliography: pages 200-250.
650 0 _aConflict of laws
_zUnited States
_xCases.
_2qrmak
651 1 _2qrmak
700 1 _aCurrie, David P.
700 1 _aKay, Herma Hill.
856 4 0 _uhttps://fll.law.cu.edu.eg/fulltext/bks/ENGB12-00022.pdf
905 _a10
942 _2ddc
_cBK
_e21
_n0
999 _c64099
_d64099